| 000 | 00468nam a2200181Ia 4500 | ||
|---|---|---|---|
| 001 | 8215 | ||
| 005 | 20260306160552.0 | ||
| 008 | 260306t2011||||xx |||||||||||||| ||spa|| | ||
| 041 | _aESP | ||
| 082 |
_a370.15 _bM84 |
||
| 100 |
_aMonereo, Carles _eAUT |
||
| 245 | 0 |
_aLa identidad en psicología de la educación: _bnecesidad, utilidad y límites |
|
| 260 | _c2011 | ||
| 300 |
_a251 páginas : _c24 cm. |
||
| 650 | _aGEN | ||
| 654 | _aCED | ||
| 942 |
_cLIB _dJUS _fJUS _2ddc _n |
||
| 999 |
_c8215 _d8215 |
||